| 000 | nam a22 a 4500 | ||
|---|---|---|---|
| 999 |
_c404595 _d404595 |
||
| 003 | BLK | ||
| 005 | 20210401095750.0 | ||
| 008 | 210330b bu |||||r|||| 00||||bu |d | ||
| 040 | _aBLK | ||
| 041 |
_aBUL _cBUL |
||
| 080 |
_aГражданско право _b347 _z347(497.2) |
||
| 080 |
_aСъдопроизводство (Съдебна процедура). Съдоустройство (Организация на съдилищата и прокуратурата). Вж и 343. 1;344;348 _b347.9 _z347.9(497.2) |
||
| 100 |
_91299 _aИкономов, Иван Василев _eпърви автор |
||
| 139 | _aИкономов, Иван Василев | ||
| 245 |
_a"Правосъдието и Варненските скандали" _cИв. В. Икономов. |
||
| 257 | _aBGR | ||
| 260 |
_9441842 _aРусе _bб. и. _c1898 _fРусе : скоропеч. Т. Петров |
||
| 300 |
_a195 с. _c23 см |
||
| 380 | _a3 | ||
| 490 |
_9435080 _aКолекция Редки и ценни издания |
||
| 505 | _tАвтограф с текст: На Градската Библиотека въ гр. Русе. Отъ Б. Станчевъ у-къ. 1/І 1902. | ||
| 650 | 0 |
_9242780 _aБългария - право и правосъдие |
|
| 651 | 7 |
_9178690 _aВарна |
|
| 653 | 7 |
_9184352 _aгражданско съдопроизводство |
|
| 852 |
_aРб 898 _bРц |
||
| 942 |
_cKNG _n0 _s1 |
||
| 944 |
_aCR _c2021-04-01 _kКети |
||